000 005380000a22001810004500
003 MACL
005 20160517133707.0
008 160517b xxu||||| |||| 00| 0 eng d
040 _aMACL
_cMACL
041 _aHindi
082 _a891.433
100 _aतंवर, रोहतास
_957607
245 _aलघुकथांजलि
_cरोहतास तंवर
260 _bनीतिका प्रकाशन
_c1996
_aदिल्‍ली
350 _a80
650 _aStory
_957608
942 _cHIN
_k800/TAM/S
_2ddc
999 _c10455
_d10455